| 000 | 01240cam a2200337 a 4500 | ||
|---|---|---|---|
| 999 |
_c8011 _d8011 |
||
| 001 | 991061134663706706 | ||
| 003 | OSt | ||
| 005 | 20241230114119.0 | ||
| 008 | 160504s20162024sp a||||||||||000|0 spa|c | ||
| 017 |
_aDL M 11845-2024 _bOficina DL Madrid |
||
| 035 | _a(OCoLC)1450766017 | ||
| 040 |
_aES-BaUB _bcat _cCDMR |
||
| 080 | _a654 | ||
| 245 | 0 | 0 |
_a100 años de radio : _b1924-2024 / _cCadena Ser |
| 246 | 1 | 3 | _aCien años de radio |
| 246 | 1 | 3 | _a1924-2024, 100 años de radio |
| 246 | 1 | 3 | _aSER 100 |
| 264 | 1 |
_aMadrid : _bCadena Ser, _c2024 |
|
| 300 |
_a242 pàgines : _bil·lustracions a color ; _c28 cm |
||
| 500 | _aPubicació especial amb motiu del centenari de Ràdio Barcelona | ||
| 500 | _a"Esta revista conmemora el centenario de la concesión de la primera licencia de radio en España, EAJ-1 Radio Barcelona, embrión de Unión Radio y posterior Cadena SER"-- p. 8 | ||
| 500 | _aAl llom: "SER 100. Mayo 2024" | ||
| 610 | 2 | 7 |
_aCadena SER _2cantic _xHistòria |
| 610 | 2 | 7 |
_aRàdio Barcelona _2lemac _xHistòria |
| 650 | 7 |
_aRadioemissores _zCatalunya _xHistòria. _2lemac |
|
| 650 | 7 |
_aRadioemissores _zEspanya _xHistòria. _2lemac |
|
| 710 | 2 | _aCadena SER | |
| 908 |
_aUB _aURL _aUAB _aBC |
||
| 940 | _aUB | ||
| 942 |
_2udc _cMON |
||